[Event "Groningen Combinatie op"]
[Site "Groningen"]
[Date "2023.05.18"]
[Round "1"]
[White "De Boer, Eelke"]
[Black "Van Foreest, Nanne"]
[Result "1-0"]
[WhiteElo "2293"]
[BlackElo "1914"]
[PlyCount "61"]
[EventDate "2023.05.18"]
[EventType "swiss"]
[EventRounds "7"]
[EventCountry "NED"]
[SourceTitle "CBM 214 Extra"]
[Source "ChessBase"]
[SourceDate "2023.07.31"]
[SourceVersion "1"]
[SourceVersionDate "2023.07.31"]
[SourceQuality "1"]

1. e4 c5 2. Nf3 e6 3. d4 cxd4 4. Nxd4 Nf6 5. Nc3 Nc6 6. Ndb5 Bc5 7. Bf4 0-0 8. Bc7 Qe7 9. Bd6 Bxd6 10. Qxd6 Qd8 11. Be2 a6 12. Nc7 Ra7 13. e5 Ne8 14. Nxe8 Rxe8 15. Bf3 Qb6 16. Rb1 Qa5 17. Bxc6 dxc6 18. 0-0 c5 19. Qb8 Qb6 20. Na4 Qc6 21. Qxa7 Qxa4 22. Qxc5 Bd7 23. b3 Qe4 24. f3 Qf5 25. Rbd1 Bc6 26. Rd6 h6 27. Rfd1 Qg6 28. Qf2 Qg5 29. Qe2 Bb5 30. c4 Bc6 31. a4 1-0

[Event "NED-ch U16"]
[Site "Almelo"]
[Date "2023.05.04"]
[Round "5"]
[White "Labruyere, Roger"]
[Black "Van Foreest, Nanne"]
[Result "1-0"]
[WhiteElo "2160"]
[BlackElo "1893"]
[PlyCount "139"]
[EventDate "2023.04.30"]
[EventType "swiss"]
[EventRounds "7"]
[EventCountry "NED"]
[SourceTitle "CBM 214 Extra"]
[Source "ChessBase"]
[SourceDate "2023.07.31"]
[SourceVersion "1"]
[SourceVersionDate "2023.07.31"]
[SourceQuality "1"]

1. e4 c6 2. d4 d5 3. exd5 cxd5 4. Bd3 Nf6 5. h3 e6 6. Nf3 Nc6 7. c3 Bd6 8. 0-0 0-0 9. Re1 Qc7 10. Qe2 b6 11. Nbd2 Bb7 12. Ne5 Bxe5 13. dxe5 Nd7 14. Nf3 h6 15. b3 Rae8 16. Ba3 Ne7 17. Rac1 Nc5 18. Bb1 f5 19. exf6 Rxf6 20. Qe5 Qxe5 21. Nxe5 Bc8 22. c4 dxc4 23. Rxc4 Ba6 24. Bxc5 Bxc4 25. Bxe7 Rxe7 26. Nxc4 Rd7 27. Be4 b5 28. Ne5 Rd2 29. Ng4 Rf8 30. a4 bxa4 31. bxa4 h5 32. Ne5 Rfxf2 33. Bf3 Ra2 34. Nc6 Rfd2 35. a5 Rd6 36. Re5 Rc2 37. Nxa7 Ra6 38. Nb5 Rxa5 39. Rxh5 Rb2 40. Bc6 Ra6 41. Be4 Ra5 42. Bd3 Rd2 43. Bc4 Ra1+ 44. Kh2 Kf7 45. Re5 Rc1 46. Na3 Rd6 47. Be2 Kf6 48. Re3 Rd2 49. Bg4 Rc6 50. Nb5 e5 51. Nc3 Rd4 52. Ne4+ Ke7 53. Ng3 Kf6 54. Nh5+ Kg5 55. Rxe5+ Kh6 56. Ng3 g6 57. Re7 Rd2 58. Bf3 Rc8 59. Ne4 Rdc2 60. Nf6 R8c7 61. Ng4+ Kg5 62. Re5+ Kf4 63. Re4+ Kg5 64. Kg3 R7c5 65. Re7 R2c3 66. Rf7 Kh5 67. Nf2+ Kh6 68. Ng4+ Kh5 69. Nf6+ Kh6 70. Ng8+ 1-0

[Event "NED-ch U16"]
[Site "Almelo"]
[Date "2023.05.03"]
[Round "4"]
[White "Van Foreest, Nanne"]
[Black "Van Arendonk, Polle"]
[Result "1-0"]
[WhiteElo "1893"]
[BlackElo "1772"]
[PlyCount "81"]
[EventDate "2023.04.30"]
[EventType "swiss"]
[EventRounds "7"]
[EventCountry "NED"]
[SourceTitle "CBM 214 Extra"]
[Source "ChessBase"]
[SourceDate "2023.07.31"]
[SourceVersion "1"]
[SourceVersionDate "2023.07.31"]
[SourceQuality "1"]

1. e4 e5 2. Nf3 Nf6 3. Nxe5 d6 4. Nf3 Nxe4 5. d4 d5 6. Bd3 Bd6 7. 0-0 0-0 8. Re1 Bf5 9. c4 c6 10. Nc3 Nxc3 11. bxc3 Bg6 12. Bxg6 hxg6 13. cxd5 cxd5 14. Qb3 b6 15. Bg5 Qd7 16. Ne5 Qb7 17. Bf4 Rd8 18. Re3 Nc6 19. Rae1 Bxe5 20. Bxe5 Na5 21. Qd1 Nc4 22. Rh3 f6 23. Qg4 Kf7 24. Bxf6 Re8 25. Be5 Qc6 26. Qf4+ Qf6 27. Qg4 Nxe5 28. dxe5 Rxe5 29. Rxe5 Qxe5 30. Re3 Qd6 31. Qa4 a5 32. Qd4 Re8 33. Rxe8 Kxe8 34. Qxg7 Qe6 35. h3 Qe1+ 36. Kh2 Qxf2 37. Qxg6+ Kd7 38. Qg4+ Kc6 39. h4 Qxa2 40. h5 Qc2 41. Qg6+ 1-0

[Event "NED-ch U16"]
[Site "Almelo"]
[Date "2023.05.02"]
[Round "3"]
[White "Kumar, Prajit Sai"]
[Black "Van Foreest, Nanne"]
[Result "1/2-1/2"]
[WhiteElo "2228"]
[BlackElo "1893"]
[PlyCount "121"]
[EventDate "2023.04.30"]
[EventType "swiss"]
[EventRounds "7"]
[EventCountry "NED"]
[SourceTitle "CBM 214 Extra"]
[Source "ChessBase"]
[SourceDate "2023.07.31"]
[SourceVersion "1"]
[SourceVersionDate "2023.07.31"]
[SourceQuality "1"]

1. d4 d5 2. Nf3 Nf6 3. c3 e6 4. Bf4 Bd6 5. e3 0-0 6. Nbd2 c5 7. Bd3 Qc7 8. Ne5 b6 9. h4 Bb7 10. Qf3 Nbd7 11. Qg3 Nh5 12. Qg5 Nxf4 13. exf4 cxd4 14. cxd4 f6 15. Qh5 f5 16. Nxd7 Qxd7 17. g3 Bb4 18. 0-0-0 Bxd2+ 19. Rxd2 Qa4 20. Kb1 Rac8 21. Qe2 Qd7 22. Re1 Rf6 23. Qd1 Bc6 24. Rde2 Qd6 25. Qb3 Bd7 26. Ba6 Rb8 27. Bd3 Rc8 28. a3 Rff8 29. Ba6 Rb8 30. Bb5 Bxb5 31. Qxb5 Rfe8 32. Rc2 Rec8 33. Rce2 Re8 34. Qa4 a5 35. Rc2 Rec8 36. Rec1 Rxc2 37. Rxc2 Kf7 38. Qc6 Qxc6 39. Rxc6 Rb7 40. h5 Ke7 41. b4 Kd7 42. b5 g6 43. hxg6 hxg6 44. Kb2 Rb8 45. f3 Rb7 46. Kb3 Rb8 47. Kb2 Rb7 48. Kc2 Rc7 49. Rxc7+ Kxc7 50. Kd3 Kd7 51. Ke2 Ke7 52. Kf2 Kf6 53. Kg2 g5 54. fxg5+ Kxg5 55. Kh3 f4 56. g4 Kg6 57. Kg2 Kg5 58. a4 Kh6 59. Kh2 Kg5 60. Kh3 Kg6 61. Kg2 1/2-1/2

[Event "NED-ch U16"]
[Site "Almelo"]
[Date "2023.05.01"]
[Round "2"]
[White "Van Foreest, Nanne"]
[Black "Blom, Rens"]
[Result "1-0"]
[WhiteElo "1893"]
[BlackElo "1747"]
[PlyCount "85"]
[EventDate "2023.04.30"]
[EventType "swiss"]
[EventRounds "7"]
[EventCountry "NED"]
[SourceTitle "CBM 214 Extra"]
[Source "ChessBase"]
[SourceDate "2023.07.31"]
[SourceVersion "1"]
[SourceVersionDate "2023.07.31"]
[SourceQuality "1"]

1. e4 d6 2. d4 Nf6 3. Nc3 g6 4. Be3 Bg7 5. Qd2 0-0 6. f3 e5 7. 0-0-0 exd4 8. Bxd4 Nc6 9. Be3 a6 10. Nge2 b5 11. Bh6 Ne5 12. Bxg7 Kxg7 13. Nf4 b4 14. Ncd5 a5 15. h4 b3 16. axb3 a4 17. h5 axb3 18. cxb3 g5 19. h6+ Kh8 20. Nd3 Nxd5 21. Nxe5 Ra1+ 22. Kc2 Rxd1 23. Kxd1 dxe5 24. Qxd5 Qxd5+ 25. exd5 Rd8 26. Kc2 Rxd5 27. Bc4 Bf5+ 28. Kc3 Rd6 29. Ra1 Rxh6 30. Ra7 Rh2 31. Rxc7 Rxg2 32. Rxf7 Rc2+ 33. Kb4 Bg6 34. Re7 e4 35. fxe4 g4 36. Rd7 Bxe4 37. Rd8+ Kg7 38. Rg8+ Kf6 39. Rxg4 Bf5 40. Rf4 Kg5 41. Rxf5+ Kg6 42. Bd3 Rd2 43. Rf3+ 1-0

[Event "Hoogeveen op 25th"]
[Site "Hoogeveen"]
[Date "2022.10.20"]
[Round "7"]
[White "Koes, Richard"]
[Black "Van Foreest, Nanne"]
[Result "1-0"]
[WhiteElo "1755"]
[BlackElo "1856"]
[PlyCount "71"]
[EventDate "2022.10.15"]
[EventType "swiss"]
[EventRounds "9"]
[EventCountry "NED"]
[SourceTitle "CBM 210 Extra"]
[Source "ChessBase"]
[SourceDate "2022.11.30"]
[SourceVersion "1"]
[SourceVersionDate "2022.11.30"]
[SourceQuality "1"]

1. e4 c5 2. Nf3 e6 3. b4 cxb4 4. d4 d5 5. Nbd2 Nc6 6. Bd3 Nf6 7. e5 Nd7 8. 0-0 Be7 9. a3 0-0 10. axb4 Nxb4 11. Be2 f6 12. Bb2 Nb6 13. c3 Nc6 14. c4 fxe5 15. dxe5 Bd7 16. Qb1 Qe8 17. Ba3 Bxa3 18. Rxa3 Qe7 19. Qa1 Rf4 20. Rc1 dxc4 21. Nxc4 Nxc4 22. Bxc4 Rb8 23. Rd3 b5 24. Bb3 a5 25. Rcd1 Rb7 26. Qc1 Rb4 27. Qd2 h6 28. Ba2 Bc8 29. Rd6 Na7 30. Nd4 Qg5 31. Qd3 Qh4 32. Nxe6 Bxe6 33. Bxe6+ Kf8 34. Qf5+ Ke8 35. Qg6+ Ke7 36. Qf7# 1-0

[Event "Prague-E"]
[Site "Prague"]
[Date "2019.03.09"]
[Round "1.5"]
[White "Van Foreest, Nanne"]
[Black "Karlsson, Peter1111"]
[Result "0-1"]
[WhiteElo "1737"]
[BlackElo "1793"]
[PlyCount "66"]
[EventDate "2019.03.09"]
[EventType "tourn"]
[EventRounds "9"]
[EventCountry "CZE"]
[SourceTitle "CBM 189 Extra"]
[Source "ChessBase"]
[SourceDate "2019.06.03"]
[SourceVersion "1"]
[SourceVersionDate "2019.06.03"]
[SourceQuality "1"]

1. e4 d5 2. exd5 Nf6 3. d4 Nxd5 4. Nf3 c6 5. c4 Nb6 6. Nc3 g6 7. Be2 Bg7 8. 0-0 Bg4 9. c5 Nd5 10. Nxd5 cxd5 11. h3 Bxf3 12. Bxf3 e6 13. Bf4 0-0 14. Re1 Nc6 15. Be5 Nxe5 16. dxe5 Qc7 17. Qd4 a5 18. Rac1 Rfc8 19. Bd1 Bf8 20. Qf4 Bxc5 21. Ba4 Qe7 22. Re2 b6 23. Rec2 Rd8 24. Bb5 Ra7 25. a4 Rf8 26. Re2 Rc7 27. b3 Rfc8 28. Rec2 Rd8 29. Rd2 Ba3 30. Rxc7 Qxc7 31. Rd3 Bb2 32. Re3 Bc1 33. Kf1 d4 0-1

[Event "NED-ch U14"]
[Site "Assen"]
[Date "2018.05.02"]
[Round "6"]
[White "Nguyen, Lucas"]
[Black "Van Foreest, Nanne"]
[Result "1-0"]
[WhiteElo "1919"]
[BlackElo "1482"]
[PlyCount "63"]
[EventDate "2018.04.29"]
[EventType "swiss"]
[EventRounds "9"]
[EventCountry "NED"]
[SourceTitle "CBM 184 Extra"]
[Source "ChessBase"]
[SourceDate "2018.06.28"]
[SourceVersion "1"]
[SourceVersionDate "2018.06.28"]
[SourceQuality "1"]

1. e4 e5 2. Nf3 Nc6 3. d4 exd4 4. Nxd4 Nf6 5. Nxc6 bxc6 6. Bd3 d6 7. 0-0 Be7 8. Nc3 0-0 9. Bf4 Rb8 10. Rb1 Bg4 11. Be2 Bxe2 12. Qxe2 d5 13. Rfd1 d4 14. Qf3 c5 15. Ne2 Qc8 16. c3 dxc3 17. Nxc3 Rd8 18. e5 Nd7 19. Nd5 Bf8 20. e6 fxe6 21. Bxc7 exd5 22. Qxd5+ Kh8 23. Bxd8 Qxd8 24. Qxd7 Qxd7 25. Rxd7 c4 26. Rc7 Rb4 27. a3 Rb8 28. Rxc4 Bxa3 29. Ra4 Rxb2 30. Rxb2 Bxb2 31. Rb4 Be5 32. Re4 1-0

[Event "NED-ch U14"]
[Site "Assen"]
[Date "2018.04.30"]
[Round "2"]
[White "Van Foreest, Nanne"]
[Black "Roebers, Eline"]
[Result "1-0"]
[WhiteElo "1482"]
[BlackElo "1961"]
[PlyCount "83"]
[EventDate "2018.04.29"]
[EventType "swiss"]
[EventRounds "9"]
[EventCountry "NED"]
[SourceTitle "CBM 184 Extra"]
[Source "ChessBase"]
[SourceDate "2018.06.28"]
[SourceVersion "1"]
[SourceVersionDate "2018.06.28"]
[SourceQuality "1"]

1. e4 c6 2. d4 d5 3. exd5 cxd5 4. c4 Nf6 5. Nc3 Nc6 6. Nf3 g6 7. cxd5 Nxd5 8. Qb3 Nxc3 9. Bc4 e6 10. bxc3 Be7 11. Bh6 Bd7 12. Qc2 Qc7 13. 0-0 Rc8 14. d5 Nb4 15. Qb2 Qxc4 16. cxb4 Rg8 17. dxe6 Bxe6 18. b5 Rc5 19. a4 Qg4 20. h3 Qh5 21. Be3 Rd5 22. Rfd1 Rxd1+ 23. Rxd1 Bxh3 24. gxh3 Qxf3 25. Qc1 Qf5 26. Qc7 f6 27. Qxb7 Qxh3 28. Rc1 Qg4+ 29. Kf1 Qh3+ 30. Qg2 Qxg2+ 31. Kxg2 Kd7 32. Bxa7 Rc8 33. Rd1+ Kc7 34. b6+ Kc6 35. a5 Bb4 36. a6 Bd6 37. Rc1+ Kd7 38. Rd1 Ke7 39. b7 Rd8 40. Bb6 Re8 41. Rxd6 Kxd6 42. a7 1-0